000 00517nam a2200193Ia 4500
008 101110s9999 xx 000 0 und d
041 _aENGLISH
082 _bSR21434
100 _aKishnadwalla, Shetty
245 _aCost Accounting (T.Y.B.Com revised Syllabus)
365 _b75
520 _aCommerce
546 _aENGLISH
630 _aCost Accounting (T.Y.B.Com revised Syllabus)
650 _aCommerce
655 _aCommerce
730 _aCost Accounting (T.Y.B.Com revised Syllabus)
942 _cBOOK
999 _c814319
_d814316